| 000 | 01518nam a22004097a 4500 | ||
|---|---|---|---|
| 003 | OSt | ||
| 005 | 20230421152531.0 | ||
| 008 | 221006b |||||||| |||| 00| 0 eng d | ||
| 040 | _cBiblioteca Lado V | ||
| 082 |
_a700 _bZ39a |
||
| 100 |
_9802 _aZaya, Antonio _eeditor _edirector |
||
| 245 |
_aAtalantica/ _bRevista de Arte y Pensamiento/ |
||
| 260 |
_bCentro Atlantico de Arte Moderno _c2000 _aEspaña |
||
| 300 |
_c24x30cm _a146p. |
||
| 490 |
_v2000 _x1132-8428 _a26 |
||
| 505 | _tSobre el amor, el nuevo feminismo y el poder | ||
| 505 | _tLaura Lima | ||
| 505 | _tLa obra de Svajone y Paulius Stanikas | ||
| 505 | _tEm Quanto Espaco | ||
| 505 | _tMetaforas inmateriales | ||
| 505 | _tUn proyecto de Marcelo Brodsky | ||
| 505 | _tDefina "Contexto" | ||
| 505 | _tPortafolio de Ana Maria Tavares | ||
| 505 | _tUn proyecto de Edgardo de Souza | ||
| 505 | _tCuerpos Posibles | ||
| 505 | _tUn proyecto de Julio Grinblatt | ||
| 650 |
_2Tesauro de Arte & Arquitectura _aARTE _9703 |
||
| 650 |
_2Tesauro de Arte & Arquitectura _aEXPOSICIONES |
||
| 650 |
_2Tesauro de Arte & Arquitectura _aCULTURA |
||
| 650 |
_2Tesauro de Arte & Arquitectura _aAPRECIACION |
||
| 650 |
_2Tesauro de Arte & Arquitectura _aTEORIA |
||
| 650 |
_2Tesauro de Arte & Arquitectura _aCRITICA |
||
| 650 |
_2Tesauro de Arte & Arquitectura _aFOTOGRAFIA _9702 |
||
| 650 |
_2Tesauro de Arte & Arquitectura _aLITERATURA |
||
| 650 |
_2Tesauro de Arte & Arquitectura _aESPAÑA |
||
| 942 |
_2ddc _c1 _h700 _iZ39a _n0 |
||
| 999 |
_c3441 _d3441 |
||